| 000 | 00345 a2200157 4500 | ||
|---|---|---|---|
| 001 | 191850 | ||
| 020 | _a978-85-8163-252-0 | ||
| 040 | _cMagnum | ||
| 100 | _aHelprin, Mark | ||
| 240 | 1 | 0 |
_aUm conto do destino _lpor |
| 245 | 1 | 0 | _aUm conto do destino |
| 300 | _a719 | ||
| 362 | 0 | _a2014 | |
| 697 | _aLITERATURA GERAL ESTRANGEIRA | ||
| 942 | _cBK | ||
| 999 |
_c191850 _d191850 |
||